[Event "IECG CA.2002.0.00077 email"]
[Site "IECG email"]
[Date "2002.??.??"]
[Round "?"]
[White "Bourgault, Pierre"]
[Black "Perez Faydi, Carolina"]
[Result "1-0"]
[WhiteElo "2149"]
[BlackElo "2180"]
[PlyCount "21"]
[EventDate "2002.12.05"]
[EventType "tourn (corr)"]
[EventRounds "6"]
[SourceTitle "Corr 2008"]
[Source "ChessBase"]
[SourceDate "2008.06.24"]
[SourceVersion "1"]
[SourceVersionDate "2008.06.24"]
[SourceQuality "1"]

1. e4 c5 2. Nf3 e6 3. d4 cxd4 4. Nxd4 a6 5. Bd3 Bc5 6. Be3 d6 7. c3 Ne7 8. Nd2 0-0 9. 0-0 e5 10. Nc2 Be6 11. Bc4 1-0